[Event "Las Palmas Insular-chT Honor 1718"]
[Site "Las Palmas"]
[Date "2017.12.16"]
[Round "4.3"]
[White "Gonzalez Rodriguez, Jose Fco"]
[Black "Suarez Buceta, Melquiades"]
[Result "1-0"]
[WhiteElo "1909"]
[BlackElo "1802"]
[PlyCount "57"]
[EventDate "2017.10.28"]
[EventType "team-tourn"]
[EventRounds "9"]
[EventCountry "ESP"]
[SourceTitle "EXT 2019"]
[Source "ChessBase"]
[SourceDate "2018.10.10"]
[SourceVersion "1"]
[SourceVersionDate "2018.10.10"]
[SourceQuality "1"]
[WhiteTeam "Piscolabis Oleaje San Andres"]
[BlackTeam "Telde Los Llanos"]
[WhiteTeamCountry "ESP"]
[BlackTeamCountry "ESP"]

1. c4 e5 2. Nc3 Nf6 3. g3 g6 4. Bg2 Bg7 5. d3 0-0 6. Nf3 d6 7. 0-0 c6 8. Bg5 h6 9. Bd2 Be6 10. Rb1 Qc8 11. Re1 Bh3 12. Bh1 Ne8 13. b4 f5 14. b5 Nd7 15. a4 Nc5 16. a5 Kh7 17. a6 bxa6 18. bxc6 e4 19. d4 exf3 20. dxc5 Bg2 21. exf3 Bxh1 22. Kxh1 Qxc6 23. Re7 Rc8 24. Nd5 dxc5 25. Bc3 Kg8 26. Rxg7+ Nxg7 27. Ne7+ Kh7 28. Nxc6 Rxc6 29. Qd7 1-0

[Event "Las Palmas Insular-chT Segunda 1718"]
[Site "Las Palmas"]
[Date "2017.11.25"]
[Round "3.1"]
[White "Suarez Buceta, Melquiades"]
[Black "Korneev, Svyatoslav"]
[Result "0-1"]
[WhiteElo "1812"]
[BlackElo "2137"]
[PlyCount "34"]
[EventDate "2017.10.28"]
[EventType "team-swiss"]
[EventRounds "9"]
[EventCountry "ESP"]
[SourceTitle "EXT 2019"]
[Source "ChessBase"]
[SourceDate "2018.10.10"]
[SourceVersion "1"]
[SourceVersionDate "2018.10.10"]
[SourceQuality "1"]
[WhiteTeam "Telde Los Llanos II"]
[BlackTeam "Grandama II"]
[WhiteTeamCountry "ESP"]
[BlackTeamCountry "ESP"]

1. d4 e6 2. c4 f5 3. Nf3 Nf6 4. g3 c6 5. Bg2 d5 6. b3 Bd6 7. Ba3 Bxa3 8. Nxa3 Qa5+ 9. Nd2 Qxa3 10. 0-0 0-0 11. f3 Qd6 12. Rc1 e5 13. e4 dxe4 14. dxe5 Qxe5 15. fxe4 Rd8 16. exf5 Qd4+ 17. Rf2 Ng4 0-1

[Event "Gran Canaria Santana Memorial 5th"]
[Site "Gran Canaria"]
[Date "2017.02.14"]
[Round "4"]
[White "Suarez Buceta, Melquiades"]
[Black "Alba Santana, Cayetano"]
[Result "1/2-1/2"]
[WhiteElo "1830"]
[BlackElo "1816"]
[PlyCount "81"]
[EventDate "2017.02.03"]
[EventType "swiss"]
[EventRounds "7"]
[EventCountry "ESP"]
[SourceTitle "CBM 177 Extra"]
[Source "ChessBase"]
[SourceDate "2017.04.27"]
[SourceVersion "1"]
[SourceVersionDate "2017.04.27"]
[SourceQuality "1"]

1. d4 Nf6 2. Nf3 e6 3. c4 c5 4. d5 exd5 5. cxd5 d6 6. Nc3 g6 7. e4 Bg7 8. Bb5+ Nfd7 9. 0-0 0-0 10. Bf4 Qc7 11. Bxd7 Bxd7 12. e5 Qb6 13. Qd2 Bg4 14. exd6 Bxf3 15. gxf3 Nd7 16. Ne4 Rac8 17. Rfe1 c4 18. Rab1 Qa6 19. Nc3 b5 20. Re7 Rcd8 21. a3 Nc5 22. Ne4 Nb3 23. Qb4 Qb6 24. d7 a5 25. Qd6 Qd4 26. Be5 Qd3 27. Re1 Qxf3 28. Bxg7 Kxg7 29. Qe5+ Kh6 30. Nf6 Nd2 31. Qe3+ g5 32. Qxd2 Qxf6 33. Qxa5 Qxb2 34. Qb6+ Kg7 35. Qe3 Qf6 36. Qe5 Qxe5 37. R1xe5 Kf6 38. d6 Rxd7 39. Rxb5 Rxe7 40. dxe7 Kxe7 41. Rc5 1/2-1/2

[Event "Gran Canaria Santana Memorial 5th"]
[Site "Gran Canaria"]
[Date "2017.02.07"]
[Round "2"]
[White "Suarez Buceta, Melquiades"]
[Black "Guerra Aleman, Marcial"]
[Result "1-0"]
[WhiteElo "1830"]
[BlackElo "1688"]
[PlyCount "45"]
[EventDate "2017.02.03"]
[EventType "swiss"]
[EventRounds "7"]
[EventCountry "ESP"]
[SourceTitle "CBM 177 Extra"]
[Source "ChessBase"]
[SourceDate "2017.04.27"]
[SourceVersion "1"]
[SourceVersionDate "2017.04.27"]
[SourceQuality "1"]

1. d4 Nf6 2. c4 e6 3. Nc3 Bb4 4. Qc2 c5 5. a3 cxd4 6. axb4 dxc3 7. bxc3 b6 8. e4 d6 9. Nf3 h6 10. Bd3 0-0 11. 0-0 Qc7 12. Re1 Ba6 13. e5 dxe5 14. Nxe5 Rc8 15. c5 Bxd3 16. Nxd3 Nbd7 17. Be3 Ng4 18. Bf4 e5 19. cxb6 Qxb6 20. Nxe5 Ngxe5 21. Bxe5 Nxe5 22. Rxe5 Qxb4 23. Re8+ 1-0

[Event "Gran Canaria Simul 1"]
[Site "Gran Canaria"]
[Date "2017.02.01"]
[Round "1.2"]
[White "Garcia Padron, Jose"]
[Black "Suarez Buceta, Melquiades"]
[Result "1-0"]
[WhiteElo "2424"]
[BlackElo "1830"]
[PlyCount "72"]
[EventDate "2017.02.01"]
[EventType "swiss"]
[EventRounds "1"]
[EventCountry "ESP"]
[SourceTitle "EXT 2024"]
[Source "ChessBase"]
[SourceDate "2023.10.10"]
[SourceVersion "1"]
[SourceVersionDate "2023.10.10"]
[SourceQuality "1"]

1. d4 e6 2. e4 d5 3. exd5 exd5 4. Nf3 Bd6 5. c4 dxc4 6. Bxc4 Nf6 7. 0-0 0-0 8. Nc3 Bg4 9. h3 Bh5 10. Qd3 Bg6 11. Qd1 Nbd7 12. Re1 Nb6 13. Bb3 Re8 14. Bg5 Rxe1+ 15. Qxe1 Be7 16. Ne5 Nfd5 17. Bxe7 Nxe7 18. Rd1 Ned5 19. Ne4 Bxe4 20. Qxe4 c6 21. Bc2 Nf6 22. Qf5 Qe7 23. Ng4 Nbd5 24. Ne5 Rd8 25. a3 g6 26. Qf3 Nc7 27. Bb3 Ne6 28. Qe3 Nd5 29. Qe4 Kg7 30. Nf3 Qf6 31. g3 Nec7 32. Kg2 Re8 33. Ne5 Qe7 34. Qf3 f6 35. Nd3 Qe2 36. Re1 Ne3+ 1-0

[Event "Las Palmas Insular-chT Primera-B 1617"]
[Site "Las Palmas"]
[Date "2016.12.17"]
[Round "7.4"]
[White "Garcia Vega, Gregorio Francisco"]
[Black "Suarez Buceta, Melquiades"]
[Result "0-1"]
[WhiteElo "1544"]
[BlackElo "1810"]
[PlyCount "64"]
[EventDate "2016.10.22"]
[EventType "team-tourn"]
[EventRounds "14"]
[EventCountry "ESP"]
[SourceTitle "EXT 2018"]
[Source "ChessBase"]
[SourceDate "2017.10.13"]
[SourceVersion "1"]
[SourceVersionDate "2017.10.13"]
[SourceQuality "1"]
[WhiteTeam "Guia Univac II"]
[BlackTeam "Telde Los Llanos"]
[WhiteTeamCountry "ESP"]
[BlackTeamCountry "ESP"]

1. e4 e6 2. d4 d5 3. Nf3 Nf6 4. Bg5 Be7 5. e5 Nfd7 6. Bxe7 Qxe7 7. Nc3 a6 8. Bd3 c5 9. dxc5 Nxc5 10. 0-0 0-0 11. Ne2 f6 12. exf6 Qxf6 13. c3 Nxd3 14. Qxd3 Nc6 15. Rad1 Kh8 16. h3 b5 17. Ng3 Ne5 18. Nxe5 Qxe5 19. Rfe1 Qf6 20. Rd2 Bb7 21. Re3 e5 22. Rf3 Qc6 23. Rxf8+ Rxf8 24. f3 Qc4 25. Qe3 Qc7 26. Re2 Re8 27. f4 e4 28. Nf5 Rf8 29. g4 Bc8 30. Nd4 Qxf4 31. Nc6 Qf1+ 32. Kh2 Rf3 0-1

[Event "Gran Canaria Dominguez Memorial 3rd"]
[Site "Gran Canaria"]
[Date "2016.05.26"]
[Round "4"]
[White "Julien Casteleiro, Ariel"]
[Black "Suarez Buceta, Melquiades"]
[Result "1-0"]
[WhiteElo "1614"]
[BlackElo "1713"]
[PlyCount "117"]
[EventDate "2016.05.17"]
[EventType "swiss"]
[EventRounds "7"]
[EventCountry "ESP"]
[SourceTitle "CBM 172 Extra"]
[Source "ChessBase"]
[SourceDate "2016.06.21"]
[SourceVersion "1"]
[SourceVersionDate "2016.06.21"]
[SourceQuality "1"]

1. e4 e6 2. d4 d5 3. e5 c5 4. c3 Nc6 5. Nf3 Qb6 6. a3 Nh6 7. Bd3 Bd7 8. 0-0 cxd4 9. Nxd4 Nxd4 10. cxd4 Qxd4 11. Bb5 Qxd1 12. Bxd7+ Kxd7 13. Rxd1 Nf5 14. b4 Rc8 15. g4 Ne7 16. Be3 Rc4 17. h3 b6 18. Nd2 Rc7 19. Nb3 Nc6 20. f4 Be7 21. g5 f6 22. b5 Na5 23. Nxa5 bxa5 24. h4 Rhc8 25. a4 fxe5 26. fxe5 Bc5 27. Kf2 Bxe3+ 28. Kxe3 Rc4 29. Rf1 Ke7 30. h5 Re4+ 31. Kd3 Rxe5 32. g6 hxg6 33. hxg6 Rf5 34. Rxf5 exf5 35. Kd4 Kd6 36. Rh1 Rc4+ 37. Kd3 Ke6 38. Rh8 Rc7 39. Rf8 Rd7 40. Kd4 Kd6 41. Rxf5 Ke6 42. Re5+ Kf6 43. Rxd5 Re7 44. Rd6+ Kf5 45. Kc5 Re4 46. Ra6 Rxa4 47. Rxa7 Kxg6 48. b6 Kf6 49. b7 Rb4 50. Kc6 g5 51. Rxa5 Rc4+ 52. Rc5 Rb4 53. Kc7 Kg6 54. b8Q Rxb8 55. Kxb8 Kh5 56. Kc7 Kh4 57. Kd6 g4 58. Ke5 g3 59. Kf4 1-0

[Event "Gran Canaria Galdos op 1st"]
[Site "Gran Canaria"]
[Date "2016.05.04"]
[Round "5"]
[White "Diaz Mendoza, Eladio"]
[Black "Suarez Buceta, Melquiades"]
[Result "0-1"]
[WhiteElo "1601"]
[BlackElo "1718"]
[PlyCount "82"]
[EventDate "2016.04.26"]
[EventType "swiss"]
[EventRounds "6"]
[EventCountry "ESP"]
[SourceTitle "CBM 172 Extra"]
[Source "ChessBase"]
[SourceDate "2016.06.21"]
[SourceVersion "1"]
[SourceVersionDate "2016.06.21"]
[SourceQuality "1"]

1. e4 e6 2. Nf3 d5 3. e5 c5 4. b3 Nc6 5. Bb2 Nge7 6. Bb5 a6 7. Bxc6+ Nxc6 8. 0-0 Be7 9. Re1 0-0 10. c3 d4 11. cxd4 cxd4 12. d3 f6 13. exf6 gxf6 14. Nbd2 e5 15. a3 Bg4 16. h3 Bh5 17. b4 Kh8 18. Qb3 Bf7 19. Qd1 Rg8 20. Nh2 Qd7 21. Kh1 Bd5 22. f3 Nd8 23. Ne4 Ne6 24. Bc1 Rg6 25. Rg1 Rag8 26. Qe2 Ng7 27. Qf2 f5 28. Nd2 Nh5 29. Ndf1 Bg5 30. Qe2 Qg7 31. Bd2 Bxd2 32. Qxd2 Nf4 33. Re1 Nxh3 34. Re2 Nxg1 35. Kxg1 e4 36. dxe4 fxe4 37. fxe4 Bxe4 38. g4 Bf5 39. Rg2 Bxg4 40. Nxg4 Rxg4 41. Rxg4 Qxg4+ 0-1

[Event "Las Palmas Insular-chT Pref-A"]
[Site "Las Palmas"]
[Date "2016.03.05"]
[Round "13.1"]
[White "Moreno Ramos, Aristides"]
[Black "Suarez Buceta, Melquiades"]
[Result "1/2-1/2"]
[WhiteElo "1747"]
[BlackElo "1738"]
[PlyCount "103"]
[EventDate "2015.10.17"]
[EventType "team-tourn"]
[EventRounds "14"]
[EventCountry "ESP"]
[SourceTitle "EXT 2017"]
[Source "ChessBase"]
[SourceDate "2016.10.25"]
[SourceVersion "1"]
[SourceVersionDate "2016.10.25"]
[SourceQuality "1"]
[WhiteTeam "Sociedad La Montana II"]
[BlackTeam "Telde Los Llanos II"]
[WhiteTeamCountry "ESP"]
[BlackTeamCountry "ESP"]

1. e4 e6 2. d4 d5 3. Nc3 Nf6 4. e5 Nfd7 5. Nf3 c5 6. Bb5 a6 7. Bxd7+ Bxd7 8. 0-0 Nc6 9. Re1 Be7 10. Ne2 cxd4 11. Nexd4 0-0 12. c3 Re8 13. b4 Rc8 14. Bd2 f6 15. Nxc6 bxc6 16. a3 c5 17. a4 Rb8 18. exf6 gxf6 19. Qe2 Qc8 20. Rac1 cxb4 21. cxb4 Qb7 22. Rb1 e5 23. Nxe5 fxe5 24. Qxe5 Bf8 25. Qg5+ Bg7 26. Bc3 Bxa4 27. Bxg7 Qxg7 28. Qxd5+ Kh8 29. Rxe8+ Rxe8 30. h3 Qd7 31. Qc5 Bb5 32. Rc1 Qe7 33. Qc3+ Qe5 34. Qxe5+ Rxe5 35. Rb1 Kg7 36. Rb2 Kf6 37. g4 Re4 38. Kg2 Ke5 39. Kg3 Rd4 40. Kh4 Kf4 41. Kh5 Bf1 42. h4 Bh3 43. Kh6 Bxg4 44. Kxh7 Rd5 45. Kg7 Bd7 46. Kg6 Kg4 47. h5 Be8+ 48. Kf6 Rxh5 49. Ke6 Kf3 50. Kd6 Rh2 51. Rb3+ Ke4 52. Re3+ 1/2-1/2

[Event "Las Palmas Insular-chT Pref-A"]
[Site "Las Palmas"]
[Date "2016.02.06"]
[Round "11.1"]
[White "Bozinovic, Boban"]
[Black "Suarez Buceta, Melquiades"]
[Result "1-0"]
[WhiteElo "2010"]
[BlackElo "1738"]
[PlyCount "57"]
[EventDate "2015.10.17"]
[EventType "team-tourn"]
[EventRounds "14"]
[EventCountry "ESP"]
[SourceTitle "EXT 2017"]
[Source "ChessBase"]
[SourceDate "2016.10.25"]
[SourceVersion "1"]
[SourceVersionDate "2016.10.25"]
[SourceQuality "1"]
[WhiteTeam "Mogan V"]
[BlackTeam "Telde Los Llanos II"]
[WhiteTeamCountry "ESP"]
[BlackTeamCountry "ESP"]

1. e4 c5 2. Nf3 Nc6 3. d4 cxd4 4. Nxd4 Nf6 5. Nc3 e5 6. Ndb5 d6 7. Bg5 a6 8. Bxf6 gxf6 9. Na3 b5 10. Nd5 Be6 11. g3 Bg7 12. Bg2 0-0 13. 0-0 Rc8 14. c3 Ne7 15. Nxe7+ Qxe7 16. Nc2 Rfd8 17. Ne3 Qd7 18. Nd5 Rb8 19. Qd3 f5 20. exf5 Bxf5 21. Qxf5 Qxf5 22. Ne7+ Kf8 23. Nxf5 d5 24. Nxg7 Kxg7 25. Rfe1 f6 26. Rad1 d4 27. cxd4 exd4 28. Re7+ Kg8 29. Be4 1-0

[Event "Las Palmas Insular-chT Pref-B"]
[Site "Las Palmas"]
[Date "2015.11.14"]
[Round "3.3"]
[White "Yingrui, Lin"]
[Black "Suarez Buceta, Melquiades"]
[Result "1/2-1/2"]
[WhiteElo "1811"]
[BlackElo "1720"]
[PlyCount "61"]
[EventDate "2015.10.17"]
[EventType "team-tourn"]
[EventRounds "14"]
[EventCountry "ESP"]
[SourceTitle "CBM 170 Extra"]
[Source "ChessBase"]
[SourceDate "2016.02.25"]
[SourceVersion "1"]
[SourceVersionDate "2016.02.25"]
[SourceQuality "1"]
[WhiteTeam "Hotel Avda de Canarias II"]
[BlackTeam "Telde Los Llanos"]
[WhiteTeamCountry "ESP"]
[BlackTeamCountry "ESP"]

1. d4 e6 2. Nf3 Nf6 3. c4 Bb4+ 4. Bd2 Be7 5. Nc3 0-0 6. e4 d6 7. Bd3 Nbd7 8. e5 dxe5 9. dxe5 Nc5 10. Bc2 Ne8 11. 0-0 g6 12. Qe2 Ng7 13. Bh6 a5 14. Rfd1 Bd7 15. h4 Re8 16. Ne4 Nxe4 17. Bxe4 Qc8 18. Bxg7 Kxg7 19. Bxb7 Qxb7 20. Rxd7 Rad8 21. Rad1 Rxd7 22. Rxd7 Qc8 23. Qd2 Bd6 24. Rxf7+ Kxf7 25. exd6 cxd6 26. Qxd6 Qd8 27. Ng5+ Kg8 28. Qe5 Qd1+ 29. Kh2 Qg4 30. g3 Qxc4 31. Ne4 1/2-1/2

[Event "Las Palmas Insular-chT Pref-B"]
[Site "Las Palmas"]
[Date "2015.11.07"]
[Round "2.3"]
[White "Suarez Buceta, Melquiades"]
[Black "Perez Brito, Avelino"]
[Result "0-1"]
[WhiteElo "1720"]
[BlackElo "1826"]
[PlyCount "82"]
[EventDate "2015.10.17"]
[EventType "team-tourn"]
[EventRounds "14"]
[EventCountry "ESP"]
[SourceTitle "CBM 170 Extra"]
[Source "ChessBase"]
[SourceDate "2016.02.25"]
[SourceVersion "1"]
[SourceVersionDate "2016.02.25"]
[SourceQuality "1"]
[WhiteTeam "Telde Los Llanos"]
[BlackTeam "Anand"]
[WhiteTeamCountry "ESP"]
[BlackTeamCountry "ESP"]

1. d4 Nf6 2. c4 e6 3. Nc3 d5 4. Bg5 Nbd7 5. Nf3 Be7 6. e3 0-0 7. cxd5 exd5 8. Bd3 h6 9. Bh4 c6 10. 0-0 Re8 11. Nd2 Qc7 12. Bg3 Bd6 13. Bxd6 Qxd6 14. a3 Nf8 15. h3 Bd7 16. b4 a6 17. Na4 Rad8 18. Nc5 Bc8 19. Qb3 Ne6 20. Nxe6 Bxe6 21. a4 Ne4 22. Nxe4 dxe4 23. Bc4 Bxc4 24. Qxc4 Qg6 25. Rab1 Rd5 26. Kh2 Qd6+ 27. g3 h5 28. Rfc1 h4 29. b5 axb5 30. axb5 Rf5 31. Rb2 Re6 32. bxc6 bxc6 33. Qc2 hxg3+ 34. fxg3 Rf3 35. Qg2 Rg6 36. Rg1 Rxe3 37. Re2 Qxd4 38. Rge1 Rxe2 39. Rxe2 e3 40. Qg1 Re6 41. Qb1 g6 0-1

[Event "Fuerteventura op 1st"]
[Site "Fuerteventura"]
[Date "2015.10.03"]
[Round "5"]
[White "Ramos Aguilar, Jose Manuel"]
[Black "Suarez Buceta, Melquiades"]
[Result "1-0"]
[WhiteElo "2043"]
[BlackElo "1720"]
[PlyCount "57"]
[EventDate "2015.10.01"]
[EventType "swiss"]
[EventRounds "7"]
[EventCountry "ESP"]
[SourceTitle "CBM 169 Extra"]
[Source "ChessBase"]
[SourceDate "2015.12.18"]
[SourceVersion "1"]
[SourceVersionDate "2015.12.18"]
[SourceQuality "1"]

1. Nf3 c5 2. g3 Nc6 3. c4 g6 4. Bg2 Bg7 5. 0-0 Nf6 6. Nc3 0-0 7. d4 cxd4 8. Nxd4 Ne8 9. e3 Nd6 10. b3 Nf5 11. Nde2 a6 12. a4 d6 13. Rb1 Rb8 14. e4 Nfd4 15. Nxd4 Bxd4 16. Bb2 f5 17. exf5 Bxf5 18. Bxc6 bxc6 19. Qxd4 e5 20. Qd1 Bxb1 21. Nxb1 Qc7 22. Nd2 Rbd8 23. Qg4 d5 24. cxd5 Rxd5 25. Nc4 Re8 26. Re1 Rd3 27. Rxe5 Rxe5 28. Nxe5 Rd6 29. Qc4+ 1-0

[Event "Fuerteventura op 1st"]
[Site "Fuerteventura"]
[Date "2015.10.03"]
[Round "6"]
[White "Suarez Buceta, Melquiades"]
[Black "Gonzalez Cruz, Andres"]
[Result "1/2-1/2"]
[WhiteElo "1720"]
[BlackElo "1809"]
[PlyCount "108"]
[EventDate "2015.10.01"]
[EventType "swiss"]
[EventRounds "7"]
[EventCountry "ESP"]
[SourceTitle "CBM 169 Extra"]
[Source "ChessBase"]
[SourceDate "2015.12.18"]
[SourceVersion "1"]
[SourceVersionDate "2015.12.18"]
[SourceQuality "1"]

1. d4 d5 2. c4 e6 3. Nc3 Nf6 4. Nf3 Be7 5. Bg5 0-0 6. e3 Nbd7 7. cxd5 exd5 8. Bd3 c6 9. Qc2 h6 10. Bh4 Re8 11. 0-0 b5 12. Nd2 Qb6 13. a4 bxa4 14. Nxa4 Qc7 15. Nb3 Bd6 16. Bg3 Ne4 17. Bxd6 Qxd6 18. Rfc1 Nb8 19. Na5 Bd7 20. Nb3 Qb4 21. Nac5 Nxc5 22. Nxc5 Rc8 23. Nxd7 Nxd7 24. Bf5 Qb7 25. Bxd7 Qxd7 26. Ra6 Rab8 27. Rxc6 Rxc6 28. Qxc6 Qxc6 29. Rxc6 Rxb2 30. g3 Rb5 31. Ra6 Rb7 32. Kg2 Kf8 33. Kf3 Ke7 34. Kf4 f6 35. f3 g6 36. e4 dxe4 37. fxe4 Rd7 38. Ke3 Rb7 39. d5 Rb3+ 40. Kd4 Rb4+ 41. Kc5 Rb7 42. Kc6 Rb6+ 43. Rxb6 axb6 44. Kxb6 Kd6 45. Kb5 h5 46. Kc4 g5 47. Kd4 g4 48. Ke3 Ke5 49. Kd3 f5 50. exf5 Kxd5 51. f6 Ke6 52. Ke4 Kxf6 53. Kf4 Kg6 54. Ke5 Kg5 1/2-1/2

[Event "Las Palmas Montalvo Memorial 8th"]
[Site "Las Palmas"]
[Date "2015.03.30"]
[Round "1"]
[White "Suarez Buceta, Melquiades"]
[Black "Alvarado Diaz, Alejandro"]
[Result "0-1"]
[WhiteElo "1686"]
[BlackElo "2369"]
[PlyCount "68"]
[EventDate "2015.03.30"]
[EventType "swiss"]
[EventRounds "9"]
[EventCountry "ESP"]
[SourceTitle "EXT 2016"]
[Source "ChessBase"]
[SourceDate "2015.10.08"]
[SourceVersion "1"]
[SourceVersionDate "2015.10.08"]
[SourceQuality "1"]

1. e4 d5 2. exd5 Qxd5 3. Nc3 Qd6 4. d4 Nf6 5. Bc4 g6 6. Nge2 Bg7 7. Bf4 Qd8 8. Qd2 a6 9. Bh6 0-0 10. Bxg7 Kxg7 11. 0-0-0 b5 12. Bd3 Bb7 13. f3 Nbd7 14. Ne4 e5 15. Nxf6 Qxf6 16. Be4 Bxe4 17. fxe4 exd4 18. Qxd4 Qxd4 19. Rxd4 Ne5 20. a4 Rfe8 21. b3 Re7 22. Kb2 Nc6 23. Rd3 bxa4 24. Ng3 axb3 25. Rxb3 h5 26. h4 Nd4 27. Rb4 Ne6 28. Rf1 Rd7 29. Rf2 a5 30. Rb5 Rd4 31. Kc3 Ra6 32. Kb3 a4+ 33. Ka3 Rc6 34. Kb2 Rdc4 0-1

[Event "Gran Canaria Cabildo op"]
[Site "Gran Canaria"]
[Date "2015.03.13"]
[Round "5"]
[White "Suarez Buceta, Melquiades"]
[Black "Camino Carrio, Nicanor"]
[Result "0-1"]
[WhiteElo "1686"]
[BlackElo "2060"]
[PlyCount "122"]
[EventDate "2015.02.27"]
[EventType "swiss"]
[EventRounds "7"]
[EventCountry "ESP"]
[SourceTitle "CBM 165 Extra"]
[Source "ChessBase"]
[SourceDate "2015.04.21"]
[SourceVersion "1"]
[SourceVersionDate "2015.04.21"]
[SourceQuality "1"]

1. e4 c5 2. Nc3 Nc6 3. Bb5 g6 4. Bxc6 dxc6 5. d3 Bg7 6. Be3 b6 7. Qd2 e5 8. f4 exf4 9. Bxf4 Nf6 10. Nf3 0-0 11. 0-0 Bg4 12. Bh6 Bxf3 13. gxf3 Nh5 14. Bxg7 Kxg7 15. Ne2 Qh4 16. Rf2 Rad8 17. Raf1 h6 18. f4 Nf6 19. Ng3 Kh7 20. f5 g5 21. Qe2 Rfe8 22. e5 Rd5 23. e6 Kg7 24. Ne4 Qg4+ 25. Qxg4 Nxg4 26. f6+ Kg6 27. exf7 Rf8 28. Rf3 Rxf7 29. h3 Ne5 30. Rf5 Nd7 31. R5f2 Nf8 32. h4 Ne6 33. hxg5 hxg5 34. Rg2 Rf8 35. Re1 Nf4 36. Rg3 Nh5 37. Rf3 Rf5 38. Ref1 Rxf3 39. Rxf3 Nxf6 40. Nxf6 Rxf6 41. Re3 Kf5 42. Re7 a5 43. Rb7 b5 44. a4 bxa4 45. Ra7 Ke5 46. Rxa5 Kd4 47. Rxa4+ Ke3 48. Re4+ Kd2 49. Re5 Kxc2 50. Rxc5+ Kxd3 51. Rxg5 Kc2 52. Rg2+ Kb3 53. Rd2 c5 54. Rd5 c4 55. Rb5+ Kc2 56. Rc5 Rf4 57. b4 Kb2 58. b5 c3 59. Re5 c2 60. Re2 Rb4 61. Rf2 Rxb5 0-1

[Event "Gran Canaria-ch U16"]
[Site "Gran Canaria"]
[Date "2015.03.02"]
[Round "2.3"]
[White "Donate Villalba, Juan Francisco"]
[Black "Suarez Buceta, Melquiades"]
[Result "1/2-1/2"]
[WhiteElo "1293"]
[BlackElo "1363"]
[PlyCount "68"]
[EventDate "2015.03.02"]
[EventType "swiss"]
[EventRounds "4"]
[EventCountry "ESP"]
[SourceTitle "EXT 2024"]
[Source "ChessBase"]
[SourceDate "2023.10.10"]
[SourceVersion "1"]
[SourceVersionDate "2023.10.10"]
[SourceQuality "1"]

1. d4 Nf6 2. c4 e6 3. Nc3 Bb4 4. Bd2 0-0 5. Nf3 b6 6. a3 Bxc3 7. Bxc3 d6 8. e3 Bb7 9. Be2 Nbd7 10. 0-0 Ne4 11. Rc1 f5 12. Nd2 Nxd2 13. Bxd2 e5 14. Bc3 Qe7 15. b4 Qg5 16. Bf3 e4 17. Be2 f4 18. exf4 Rxf4 19. d5 Rf7 20. Bg4 Nf8 21. Bd2 Qe7 22. Re1 Qh4 23. Rf1 c6 24. Be3 cxd5 25. cxd5 Ba6 26. Re1 Bd3 27. h3 b5 28. Qd2 h6 29. Rc6 Qf6 30. Rec1 Qe5 31. Qa2 Bc4 32. Qd2 Bxd5 33. Bd4 Qe7 34. Rc7 Qg5 1/2-1/2

[Event "Las Palmas Centro Goya op"]
[Site "Las Palmas"]
[Date "2014.12.07"]
[Round "8"]
[White "Henriquez Cazorla, Laura"]
[Black "Suarez Buceta, Melquiades"]
[Result "0-1"]
[WhiteElo "1369"]
[BlackElo "1716"]
[PlyCount "142"]
[EventDate "2014.12.01"]
[EventType "swiss"]
[EventRounds "9"]
[EventCountry "ESP"]
[SourceTitle "CBM 163 Extra"]
[Source "ChessBase"]
[SourceDate "2014.12.23"]
[SourceVersion "1"]
[SourceVersionDate "2014.12.23"]
[SourceQuality "1"]

1. d4 Nf6 2. c4 e6 3. g3 Bb4+ 4. Bd2 Qe7 5. Bg2 d5 6. a3 Bxd2+ 7. Nxd2 0-0 8. Ngf3 Rd8 9. 0-0 Nbd7 10. Qc2 c6 11. Rfe1 Re8 12. Rac1 e5 13. cxd5 Nxd5 14. dxe5 Nxe5 15. Nxe5 Qxe5 16. Nf3 Qe7 17. e3 Bd7 18. Nd4 Nf6 19. Red1 g6 20. Qc5 Qe5 21. Qb4 Bg4 22. Rd2 Ne4 23. Rdc2 c5 24. Qxb7 cxd4 25. f3 Nd6 26. Qb3 Be6 27. Qd3 Qxe3+ 28. Qxe3 dxe3 29. Rc7 Rac8 30. Rxc8 Bxc8 31. Kf1 Ba6+ 32. Ke1 Nc4 33. Bf1 e2 34. Bxe2 Nxb2 35. Rc2 Rxe2+ 36. Rxe2 Bxe2 37. Kxe2 Nc4 38. a4 Nb2 39. a5 Nc4 40. a6 Kf8 41. Kd3 Nb6 42. Kd4 Ke7 43. Kc5 Kd7 44. f4 Kc7 45. h3 Na4+ 46. Kb4 Nb2 47. Kc5 Nd3+ 48. Kd4 Nb4 49. Ke5 Kd7 50. Kf6 Ke8 51. g4 Kf8 52. h4 Nxa6 53. Kg5 Kg7 54. f5 gxf5 55. Kxf5 Nc7 56. Ke4 a5 57. Kd4 a4 58. Kc3 h5 59. g5 Nd5+ 60. Kb2 Ne3 61. Ka3 Ng2 62. Kxa4 Nxh4 63. Kb3 Nf3 64. Kc3 h4 65. Kd3 h3 66. Ke3 h2 67. Kxf3 h1Q+ 68. Kg3 Qe4 69. g6 Kxg6 70. Kh2 Qf3 71. Kg1 Qe2 0-1

[Event "Las Palmas Centro Goya op"]
[Site "Las Palmas"]
[Date "2014.12.04"]
[Round "4"]
[White "Suarez Buceta, Melquiades"]
[Black "Perez Guerra, Raul"]
[Result "1-0"]
[WhiteElo "1716"]
[BlackElo "1411"]
[PlyCount "94"]
[EventDate "2014.12.01"]
[EventType "swiss"]
[EventRounds "9"]
[EventCountry "ESP"]
[SourceTitle "CBM 163 Extra"]
[Source "ChessBase"]
[SourceDate "2014.12.23"]
[SourceVersion "1"]
[SourceVersionDate "2014.12.23"]
[SourceQuality "1"]

1. d4 e6 2. c4 d5 3. Nc3 Nf6 4. Nf3 Be7 5. e3 0-0 6. Bd3 dxc4 7. Bxc4 Nbd7 8. 0-0 a6 9. Qc2 b5 10. Bd3 c5 11. b3 Bb7 12. Qe2 Rc8 13. Bb2 cxd4 14. exd4 Nb6 15. Rfd1 Nbd5 16. Ne4 Nf4 17. Nxf6+ Bxf6 18. Qe3 Nxd3 19. Rxd3 Rc2 20. Ba3 Be7 21. Bc5 Qd7 22. Ne1 Qd5 23. Bxe7 Rfc8 24. Bc5 b4 25. Qf3 Qxf3 26. Nxf3 a5 27. Ne1 Re2 28. Re3 Rd2 29. a3 h6 30. axb4 axb4 31. Ra4 Bd5 32. Rxb4 Ra8 33. Ra4 Rb8 34. b4 Bc6 35. Ra6 Bb5 36. Rb6 Rxb6 37. Bxb6 Kf8 38. h3 Bc4 39. Nf3 Ra2 40. Ne5 Bd5 41. Rc3 Ra1+ 42. Kh2 Rf1 43. Rc8+ Ke7 44. Bc5+ Kf6 45. Rf8 Kf5 46. Rxf7+ Kg5 47. Be7+ Kh5 1-0

[Event "Vecindario Ansite 4th A"]
[Site "Vecindario"]
[Date "2014.09.09"]
[Round "7.1"]
[White "Antonini, Roberto"]
[Black "Suarez Buceta, Melquiades"]
[Result "0-1"]
[WhiteElo "1616"]
[BlackElo "1669"]
[PlyCount "68"]
[EventDate "2014.08.25"]
[EventType "tourn"]
[EventRounds "9"]
[EventCountry "ESP"]
[SourceTitle "EXT 2024"]
[Source "ChessBase"]
[SourceDate "2023.10.10"]
[SourceVersion "1"]
[SourceVersionDate "2023.10.10"]
[SourceQuality "1"]

1. e4 c5 2. Nf3 Nc6 3. d4 cxd4 4. Nxd4 Nf6 5. Nxc6 bxc6 6. Bd3 e5 7. 0-0 Be7 8. Nc3 0-0 9. Re1 d6 10. Bc4 Be6 11. Bxe6 fxe6 12. Qd3 Qd7 13. Bg5 Nh5 14. Bxe7 Qxe7 15. Rad1 Rad8 16. Ne2 Rf6 17. Rf1 Rh6 18. h3 Nf4 19. Nxf4 exf4 20. Kh2 e5 21. Qc4+ Kh8 22. Rd3 g5 23. Qxc6 g4 24. Rfd1 f3 25. g3 Rxh3+ 26. Kg1 Rh6 27. c4 Qg5 28. Rxd6 Rdxd6 29. Qe8+ Kg7 30. Re1 Rhe6 31. Qb8 Rd7 32. c5 Qh5 33. Qc8 Ree7 34. b4 Qh3 0-1